000 01479cam a22002531i 4500
003 OSt
005 20241030133240.0
008 241029s2015 le g 000 0 ara c
040 _aSA-JeALM
_bara
_cSA-RiAUC
_erda
082 0 4 _a160.89927
_qSA-RiAUC
090 _a160.89927
_b م خ ل
100 1 _aمخلوف، محمد حسنين بن محمد مخلوف،
_d1861-1936
_eمؤلف.
245 1 2 _aالحاشية الثانية على الجواهر المنتظمات في عقود المقولات :
_bوهو شرح نظم المقولات العشر كلاهما للعلامة الشيخ أحمد السجاعي رحمه الله المتوفي 1197 هجري /
_cحضرة صاحب الفضيلة الأستاذ الكبير محمد حسنين مخلوف العدوي المالكي وكيل مشيخة الأزهر الشريف سابقا رحمه الله المتوفي 1355 هجريا.
250 _aالطبعة الثالثة
264 1 _aالقاهرة :
_bمطبعة مصطفى البابي الحلبي.
_c1971
300 _a160 صفحة ؛
_c24 × 17 سم
336 _aنص
_btxt
_2rdacontent
_3كتاب
337 _aبدون وسيط
_bn
_2rdamedia
338 _aمجلد
_bnc
_2rdacarrier
650 7 _aالمنطق عند العرب
_2aucsh
700 1 2 _iشرح لـ (عمل) :
_aالسجاعي، أحمد بن أحمد بن محمد،
_dتوفي 1197 هجري
_tالمقولات العشر.
942 _2ddc
_cBOOK
_n0
949 _aSA-JeALM
_d241029
_ukhaled123
_n1
999 _c1927
_d1927